Vymedzenie procesných prvkov talent manažmentu

Opodstatnenosť práce s talentom zamestnancov. Systematické zapracovávanie a dlhodobé plány organizácie. Rozpracovanie talent manažmentu do jednotlivých procesných prvkov. Zapojenie talentu riadiacich pracovníkov a zamestnancov v procese dosahovania vytýčených cieľov.

Salvato in:
Dettagli Bibliografici
Autore principale: Kormancová, Monika
Natura: Capitolo di libro
Lingua:slovacco
Soggetti:
Tags: Aggiungi Tag
Nessun Tag, puoi essere il primo ad aggiungerne!!

MARC

LEADER 00000nla$a2200000$$$4500
001 0126674
005 20221107084440.8
041 0 |a slo 
044 |a CZ 
245 1 0 |a Vymedzenie procesných prvkov talent manažmentu  |c Monika Kormancová 
520 |a Opodstatnenosť práce s talentom zamestnancov. Systematické zapracovávanie a dlhodobé plány organizácie. Rozpracovanie talent manažmentu do jednotlivých procesných prvkov. Zapojenie talentu riadiacich pracovníkov a zamestnancov v procese dosahovania vytýčených cieľov. 
610 2 0 |a manažment 
610 2 0 |a formy riadenia 
610 2 0 |a nástroje riadenia 
610 2 0 |a procesy podnikové 
610 2 0 |a programy riadiace 
610 2 0 |a vedenie ľudí 
610 2 0 |a vedenie podniku 
610 2 0 |a zdroje ľudské 
610 2 0 |a talenty 
100 1 |a Kormancová, Monika